00987nam a2200265 a 4500003000700000005001700007008004100024020001800065040003300083041000800116050002400124110006400148245015800212260003800370300003500408336002800443337003000471338002700501500001700528650006400545650002500609650002400634650003700658650002600695CBULib20240812135724.0150123s2014 ||||||||||||||||| || u a9789211128772 aCBULibbEnglishcCBULiberda aeng aUNCTAD(058)TDR/2014 aUnited Nations Conference on Trade and Development (UNCTAD)10aTrade and development report, 2014 : global governance and policy space for developmentc/ by United Nations Conference on Trade And Development (UNCTAD) aNew York :bUnited Nations,c2014 axiv, 212 pages : illustrations 2rdacontentaText |btxt 2rdamediaaUnmediated |bn 2rdacarrieraVolumebnc aBibliography 0aINTERNATIONAL ECONOMIC RELATIONS--HANDBOOKS, MANUALS, E.T.C aDEVELOPING COUNTRIES 0aINTERNATIONAL TRADE 0aINTERNATIONAL ECONOMIC RELATIONS aTRADE AND DEVELOPMENT